Úvod do teórie diskrétnych matematických štruktúr
Guardado en:
| Autor principal: | |
|---|---|
| Otros Autores: | |
| Formato: | Libro |
| Lenguaje: | eslovaco |
| Publicado: |
Bratislava
Alfa
1982
|
| Colección: | Edícia výpočtovej techniky
|
| Etiquetas: |
Sin Etiquetas, Sea el primero en etiquetar este registro!
|
MARC
| LEADER | 00000nam a2200000 4500 | ||
|---|---|---|---|
| 001 | c126338 | ||
| 005 | 20250523075248.8 | ||
| 041 | 0 | |a slo | |
| 044 | |a SK | ||
| 245 | 1 | 0 | |a Úvod do teórie diskrétnych matematických štruktúr |c Franco P. Preparata, Raymond T. Yeh |
| 264 | 1 | |a Bratislava |b Alfa |c 1982 | |
| 300 | |a 328 s. | ||
| 490 | 1 | |a Edícia výpočtovej techniky | |
| 830 | 0 | |a Edícia výpočtovej techniky | |
| 100 | 1 | |a Preparata, Franco P. | |
| 700 | 1 | |a Yeh, Raymond T. | |